Die Beliebtesten Tiere [2024] - Statistiken

Allgemein
  • Dieses Quiz wurde 135 mal gespielt
  • Das Durchschnittsergebnis liegt bei 5 aus 10
Antwortstatistiken
Ort Tier % Korrekt
1 Hunde
84%
2 Katzen
84%
7 Vögel
72%
4 Pferde
62%
5 Fische
60%
9 Löwen
46%
10 Affen
25%
3 Hühner
23%
6 Bären
22%
8 Haie
22%
Keine übereinstimmenden Quizze gefunden
Verteilung der Resultate
Anzahl Personen mit jedem Resultat
Perzentil nach korrekt beantworteten Fragen
Ihre Resultats-Entwicklung
Sie haben dieses Quiz noch nicht gespielt